[Event "ECU-ch U18 Girls"]
[Site "Riobamba"]
[Date "2023.04.12"]
[Round "1"]
[White "Miranda Vargas, Analia Karen"]
[Black "Valverde Suarez, Alhanys Veronica"]
[Result "1-0"]
[WhiteElo "1814"]
[BlackElo "1208"]
[PlyCount "67"]
[EventDate "2023.04.12"]
[EventType "swiss"]
[EventRounds "9"]
[EventCountry "ECU"]
[SourceTitle "EXT 2024"]
[Source "ChessBase"]
[SourceDate "2023.10.10"]
[SourceVersion "1"]
[SourceVersionDate "2023.10.10"]
[SourceQuality "1"]

1. Nf3 Nf6 2. g3 e6 3. Bg2 g6 4. c4 Bg7 5. Nc3 Nc6 6. 0-0 0-0 7. d4 d6 8. Re1 Re8 9. e4 e5 10. d5 Ne7 11. h3 Nd7 12. Be3 f5 13. Qd2 Nf6 14. exf5 Nxf5 15. Bg5 h6 16. Bxf6 Qxf6 17. Ne4 Qf7 18. Rac1 Nd4 19. Nxd4 exd4 20. g4 Rf8 21. c5 dxc5 22. Nxc5 Qf4 23. Qxf4 Rxf4 24. Nd3 Rf7 25. Re8+ Kh7 26. Rce1 Rf8 27. R8e7 c6 28. dxc6 bxc6 29. Bxc6 Rb8 30. Rxa7 Rb6 31. Ree7 Kh8 32. Rxg7 Rxc6 33. Rh7+ Kg8 34. Rag7# 1-0

[Event "ECU-ch U16 Girls"]
[Site "Guayaquil"]
[Date "2019.04.20"]
[Round "6"]
[White "Valverde Suarez, Alhanys Veronica"]
[Black "Loor Veliz, Thais Arianna"]
[Result "0-1"]
[WhiteElo "1258"]
[BlackElo "1369"]
[PlyCount "81"]
[EventDate "2019.04.17"]
[EventType "swiss"]
[EventRounds "9"]
[EventCountry "ECU"]
[SourceTitle "CBM 190 Extra"]
[Source "ChessBase"]
[SourceDate "2019.07.15"]
[SourceVersion "1"]
[SourceVersionDate "2019.07.15"]
[SourceQuality "1"]

1. e4 e5 2. Nf3 Nc6 3. Nc3 Bc5 4. Bc4 Nf6 5. d3 h6 6. 0-0 d6 7. h3 0-0 8. Be3 Bb6 9. Re1 Qe7 10. Bxb6 axb6 11. d4 Rd8 12. d5 Nb8 13. Qd2 Nh5 14. Ne2 Qf6 15. Kh2 g5 16. Ng3 Nf4 17. Qe3 Nd7 18. Rh1 Nf8 19. Kg1 N8g6 20. Ne2 Kg7 21. Ng3 Rh8 22. Nh2 h5 23. Be2 Bd7 24. a3 Rh7 25. Bf3 Kf8 26. Qd2 Nh4 27. Qd1 Qh6 28. Ne2 Nhg6 29. Nxf4 Nxf4 30. c4 Ke7 31. Be2 Rg8 32. f3 Nxe2+ 33. Qxe2 g4 34. Nf1 gxh3 35. Ne3 Rhg7 36. Rh2 hxg2 37. Nxg2 Rg3 38. Rd1 h4 39. Kf1 h3 40. Ne3 Rg1+ 41. Kf2 0-1